| 000 | 00859nam a22001937a 4500 | ||
|---|---|---|---|
| 999 |
_c60808 _d60808 |
||
| 005 | 20231025103039.0 | ||
| 008 | 231024s2005 ru ||||| |||| 00| 0 rus d | ||
| 020 | _a5699103511 | ||
| 020 | _a5699134956 | ||
| 041 | _arus | ||
| 080 | _a930.85 B-26 | ||
| 100 |
_aВейс, Г. _920215 |
||
| 245 |
_aИстория культуры народов мира : _bЗарождение мировой цивилизации. Древний Египет. Обычаи и нравы, костюм, украшения, предметы быта, вооружение, храмы и жилища / _cГерман Вейс. |
||
| 264 |
_aМ. : _bЭксмо, _c2005. |
||
| 300 |
_a143 стр.: _bил.; _c24 см. |
||
| 653 | _aცივილიზაციის ისტორია | ||
| 653 | _aᲣძველესი ეგვიპტე | ||
| 942 |
_2udc _cBK |
||